El derecho Administrativo y la protección de las personas: libro homenaje a 30 años de docencia del profesor Ramiro Mendoza en la UC
Αποθηκεύτηκε σε:
| Κύριος συγγραφέας: | |
|---|---|
| Μορφή: | Βιβλίο |
| Γλώσσα: | Ισπανικά |
| Έκδοση: |
Santiago
Ediciones UC
2017
|
| Έκδοση: | 1a. ed |
| Σειρά: | Colección Pedro Lira Urquieta
|
| Θέματα: | |
| Ετικέτες: |
Προσθήκη ετικέτας
Δεν υπάρχουν, Καταχωρήστε ετικέτα πρώτοι!
|
MARC
| LEADER | 00000cam a2200000 a 4500 | ||
|---|---|---|---|
| 001 | UCC2349 | ||
| 003 | CL-VaPUC | ||
| 008 | 180119e20170000cl |||||||||||||||||spa|d | ||
| 020 | |a 9789561421622 | ||
| 082 | 0 | 4 | |a 342.8306 |b SOT |2 21 |
| 100 | |a Soto Kloss, Eduardo |e autor |9 540672 | ||
| 245 | 1 | 3 | |a El derecho Administrativo y la protección de las personas: libro homenaje a 30 años de docencia del profesor Ramiro Mendoza en la UC |
| 250 | |a 1a. ed | ||
| 300 | |a 223 p | ||
| 942 | |c BK | ||
| 945 | |d 20180119 15:30:00 |a dcastane | ||
| 260 | |a Santiago |b Ediciones UC |c 2017 | ||
| 650 | 0 | |a Administración del Estado |9 391238 | |
| 650 | 0 | |a Derecho administrativo chileno |9 461009 | |
| 583 | |a last modification |c 20180119 15:30:00 |k Rodrigo Vera | ||
| 490 | 0 | |a Colección Pedro Lira Urquieta | |
| 999 | |c 370538 |d 370536 | ||
| 952 | |0 0 |1 0 |3 erb |4 0 |6 342_830600000000000_SOT_2017 |7 0 |8 A |9 487067 |a BIBDER |b BIBDER |i 5451507 |o 342.8306 SOT 2017 |p 5451507 |r 2023-01-25 |w 2019-11-24 |y BK |z Catalogado en:20180119 |k DER | ||
| 952 | |0 0 |1 0 |3 erb |4 0 |6 342_830600000000000_SOT_2017 |7 0 |8 A |9 487068 |a BIBDER |b BIBDER |i 5453674 |l 1 |o 342.8306 SOT 2017 |p 5453674 |r 2024-12-09 |s 2024-12-04 |w 2019-11-24 |y BK |z Catalogado en:20180309 |k DER | ||